000 00434nam a22001697a 4500
005 20180711111611.0
008 160525b xxu||||| |||| 00| 0 eng d
020 _a0-07-463805-X
041 _aeng
082 _b4911
_a658.15
100 _aPANDEY, I.M. and BHAT, RAMESH
_94518
245 _aCases in Financial Management
260 _aNew Delhi
_bAcademic Faundation
300 _a613p,
650 _aManagement
_9241
942 _cBK
999 _c1716
_d1715